| 000 | 00616nam a2200205 a 4500 | ||
|---|---|---|---|
| 001 | 1037 | ||
| 003 | CDMR | ||
| 005 | 20131126114540.0 | ||
| 008 | 130130s1983||||||||||||||||||||||||||||d | ||
| 020 | _a9682413036 | ||
| 040 |
_aCDMR _bcat _cCDMR |
||
| 100 | 1 |
_aCalvimontes y Calvimontes, Jorge _9818 |
|
| 245 | 1 | 3 |
_aEl periódico _cJorge Calvimontes y Calvimontes |
| 260 |
_aMéxico _c1983 _bTrillas |
||
| 300 |
_a131 p. _bil. b/n |
||
| 490 | 0 |
_aTemas Básicos. _aÁrea: Taller de lectura y redacción _v12 |
|
| 650 | 0 | 4 |
_92734 _aPeriodisme _xEnsenyament |
| 650 | 0 | 4 |
_94374 _aPeriodisme _xManuals, guies, etc |
| 942 |
_cMON _2udc |
||
| 999 |
_c1037 _d1037 |
||